000 00739nam a2200241Ia 4500
003 GCL
008 140319s9999 xx 000 0 ara d
040 _aGCL /
_cGCL
082 0 4 _a189.1
_bم ت
100 1 _aمصطفى شاهين
245 1 0 _aتاريخ الفكر الفلسفى فى الاسلام /
_cمصطفى شاهين
260 _a[S.N] :
_bدار الثقافة للنشر والتوزيع ،
_c1991
300 _a315 ص ؛
_c24 سم
650 0 4 _aالفلسفة الاسلامية
650 0 4 _aالفلسفة
650 0 4 _aالفلاسفة
650 0 4 _aالغزالى
650 0 4 _aالفارابى
650 0 4 _aالكندى
650 0 4 _aابن الطفيل
650 0 4 _aابن سينا
942 _2ddc
_cBK
999 _c31396
_d31396